| 000 | 01070nam a22002417a 4500 | ||
|---|---|---|---|
| 999 |
_c32780 _d32780 |
||
| 003 | OSt | ||
| 005 | 20211126094403.0 | ||
| 008 | 140214b2021 slv spa | ||
| 040 | _cBMC | ||
| 082 | _a610.73 | ||
| 082 | _a170 | ||
| 100 | 1 |
_945846 _aHerrera Olmedo, Jonathan Javier |
|
| 245 | 1 | 0 |
_aProceso de atención de enfermería comunitario como herramienta científica en el continuo del cuidado _b: Investigación, Informe final _cJonathan Javier Herrera Olmedo, Josselyn Elizabeth López Campos |
| 260 |
_aSanta Ana (El Salvador) _bUniversidad Católica de El Salvador _c2021 |
||
| 300 |
_a48 h. _c28 cm _e+ 1 disco compacto |
||
| 500 | _aPrecede al tít.: Universidad Católica de El Salvador, Facultad de Ciencias de la Salud. Escuela de enfermería | ||
| 502 | _aPara optar al grado académico de: Licenciatura en enfermería | ||
| 650 | 2 | 4 |
_94103 _aEnfermería |
| 650 | 2 | 0 |
_9128 _aÉtica |
| 700 | 1 |
_945847 _aLópez Campos, Josselyn Elizabeth |
|
| 710 | 2 |
_919917 _aUniversidad Católica de El Salvador _bEscuela de Ciencias de la Salud |
|
| 942 |
_2ddc _cTG |
||